[Event "Campeonato Gallego Sub-18"]
[Site "Pontedeume"]
[Date "2010.02.13"]
[Round "1"]
[White "Villar Perez, Samuel"]
[Black "Abal Cores, Christian"]
[Result "1-0"]
[WhiteElo "2086"]
[BlackElo "1504"]
[PlyCount "59"]
[EventDate "2010.02.13"]
[EventRounds "8"]
[EventCountry "ESP"]

1. d4 Nf6 2. c4 e6 3. Nf3 d5 4. Nc3 Bb4 5. Qb3 a5 6. a3 Bxc3+ 7. Qxc3 O-O 8.
Bg5 Nbd7 9. e3 Qe8 10. Qc2 c6 11. Bd3 b6 12. O-O Ba6 13. Ne5 Nxe5 14. dxe5 Ne4
15. Bh4 Nc5 16. Be2 a4 17. f3 Nb3 18. Rad1 Qb8 19. f4 b5 20. cxd5 cxd5 21. Bd3
Rc8 22. Bxh7+ Kh8 23. Qb1 b4 24. Bd3 bxa3 25. bxa3 Qb6 26. Rf3 Bxd3 27. Qxd3
Qc5 28. Be7 Qc4 29. Rh3+ Kg8 30. Qh7# 1-0

[Event "Campeonato Gallego Sub-18"]
[Site "Pontedeume"]
[Date "2010.02.13"]
[Round "1"]
[White "Otero Nogueira, Brais"]
[Black "Vazquez Silva, Andres Miguel"]
[Result "1-0"]
[WhiteElo "1934"]
[BlackElo "1430"]
[PlyCount "43"]
[EventDate "2010.02.13"]
[EventRounds "8"]
[EventCountry "ESP"]

1. e4 d5 2. exd5 Nf6 3. Nf3 Bg4 4. Be2 Nxd5 5. d4 Nc6 6. O-O g6 7. h3 Bf5 8. c4
Nb6 9. d5 Na5 10. Bd2 Bg7 11. Qc1 Na4 12. Nc3 Nxc3 13. Bxc3 O-O 14. Bxg7 Kxg7
15. Qc3+ f6 16. Qxa5 b6 17. Qc3 Kh8 18. Nd4 Rg8 19. Bf3 Qd6 20. Rfe1 Rg7 21.
Nxf5 gxf5 22. Re6 1-0

[Event "Campeonato Gallego Sub-18"]
[Site "Pontedeume"]
[Date "2010.02.13"]
[Round "1"]
[White "Medarde Santiago, Luis Marcos"]
[Black "Formoso Leal, Laura"]
[Result "1-0"]
[WhiteElo "1837"]
[BlackElo "1401"]
[PlyCount "85"]
[EventDate "2010.02.13"]
[EventRounds "8"]
[EventCountry "ESP"]

1. e4 d5 2. exd5 Qxd5 3. Nc3 Qa5 4. d4 c6 5. Nf3 Nf6 6. Bf4 Bf5 7. Bc4 Nbd7 8.
O-O e6 9. Qd2 Be7 10. a3 O-O 11. Rfe1 Rfe8 12. b4 Qd8 13. h3 Nb6 14. Bb3 Nbd5
15. Nxd5 cxd5 16. Ne5 Bd6 17. f3 h5 18. Bg5 Be7 19. Ba4 Rf8 20. Bxf6 gxf6 21.
Nd7 Re8 22. Nc5 Rf8 23. Nxb7 Qc7 24. Nc5 Bg6 25. Qh6 Rfc8 26. Nxe6 Bf8 27. Nxf8
Rxf8 28. Bb3 Rad8 29. Qe3 Bxc2 30. Rac1 Rfe8 31. Qf2 Qc3 32. Bxc2 Qxa3 33. Qg3+
Kf8 34. Bh7 Re3 35. Qg8+ Ke7 36. Rc7+ Rd7 37. Rxd7+ Kxd7 38. Qxf7+ Kc8 39. Bf5+
Kb8 40. Qf8+ Kb7 41. Qc8+ Kb6 42. Qb8+ Ka6 43. Bc8# 1-0

[Event "Campeonato Gallego Sub-18"]
[Site "Pontedeume"]
[Date "2010.02.13"]
[Round "2"]
[White "Aguirre Alvarez, Marina"]
[Black "Villar Perez, Samuel"]
[Result "0-1"]
[WhiteElo "1671"]
[BlackElo "2086"]
[PlyCount "52"]
[EventDate "2010.02.13"]
[EventRounds "8"]
[EventCountry "ESP"]

1. e4 c5 2. Nf3 Nc6 3. c3 Nf6 4. Bd3 d5 5. Qe2 dxe4 6. Bxe4 Nxe4 7. Qxe4 g6 8.
O-O Bg7 9. Rd1 O-O 10. d3 Bf5 11. Qe2 Qd5 12. Be3 Rad8 13. d4 Bg4 14. Nbd2 cxd4
15. cxd4 Bxd4 16. Bxd4 Nxd4 17. Qxe7 Rfe8 18. Qf6 Rd6 19. Qh4 Bxf3 20. gxf3 Re2
21. Kf1 Nf5 22. Qc4 Rxd2 23. Qxd5 R6xd5 24. Ke1 Rxd1+ 25. Rxd1 Rxd1+ 26. Kxd1
Nd4 0-1

[Event "Campeonato Gallego Sub-18"]
[Site "Pontedeume"]
[Date "2010.02.13"]
[Round "2"]
[White "Gomez Dominguez, Xavier"]
[Black "Sanchez Gabin, Aranzazu"]
[Result "1-0"]
[WhiteElo "2033"]
[BlackElo "1631"]
[PlyCount "81"]
[EventDate "2010.02.13"]
[EventRounds "8"]
[EventCountry "ESP"]

1. e4 c5 2. Nc3 Nc6 3. g3 e6 4. Bg2 Nf6 5. d3 Be7 6. f4 d6 7. Nf3 a6 8. O-O Qc7
9. h3 Rb8 10. Be3 b5 11. g4 d5 12. exd5 Nxd5 13. Nxd5 exd5 14. d4 O-O 15. dxc5
d4 16. Nxd4 Nxd4 17. Qxd4 Bf6 18. Qd6 Qxd6 19. cxd6 Bb7 20. Bxb7 Rxb7 21. c3
Re8 22. Kf2 Rd7 23. Rad1 h6 24. Rd5 Re6 25. Rfd1 Bh4+ 26. Kf3 Bf6 27. R1d3 Re8
28. b3 Rc8 29. Rc5 Rxc5 30. Bxc5 g6 31. c4 Bg7 32. cxb5 axb5 33. a4 bxa4 34.
bxa4 Bf8 35. a5 Rd8 36. a6 Ra8 37. a7 Kg7 38. Bb6 Kh7 39. d7 Be7 40. d8=Q Bxd8
41. Rxd8 1-0

[Event "Campeonato Gallego Sub-18"]
[Site "Pontedeume"]
[Date "2010.02.13"]
[Round "2"]
[White "Varela Fernandez, Andres"]
[Black "Millan Soto, Miguel"]
[Result "1-0"]
[WhiteElo "1632"]
[BlackElo "2016"]
[PlyCount "97"]
[EventDate "2010.02.13"]
[EventRounds "8"]
[EventCountry "ESP"]

1. e4 c6 2. d4 d5 3. exd5 cxd5 4. c4 Nf6 5. Nc3 Nc6 6. Bg5 Qb6 7. Bxf6 Qxb2 8.
Nxd5 exf6 9. Qe2+ Qxe2+ 10. Nxe2 Nb4 11. Nc7+ Kd8 12. Nxa8 Nc2+ 13. Kd2 Nxa1
14. Nc3 Bb4 15. Bd3 f5 16. Rxa1 Bd7 17. Rb1 Bxc3+ 18. Kxc3 Kc8 19. Re1 Re8 20.
Rxe8+ Bxe8 21. Bxf5+ Kb8 22. Nb6 axb6 23. d5 g6 24. Bc2 Kc7 25. Kd4 Kd6 26. h4
Bd7 27. h5 Be8 28. hxg6 hxg6 29. g4 Bd7 30. g5 Be8 31. f4 Bd7 32. a3 Bg4 33. a4
Ke7 34. c5 bxc5+ 35. Kxc5 Kd7 36. Kb6 Bf3 37. Bb3 Kd6 38. Kxb7 Bxd5+ 39. Bxd5
Kxd5 40. a5 Ke4 41. a6 Kxf4 42. a7 Kxg5 43. a8=Q f5 44. Qa3 Kg4 45. Qe3 g5 46.
Kc6 f4 47. Qf2 f3 48. Kd5 Kf4 49. Qd2+ 1-0

[Event "Campeonato Gallego Sub-18"]
[Site "Pontedeume"]
[Date "2010.02.13"]
[Round "2"]
[White "Alonso Macias, Victor"]
[Black "Rodriguez Reboredo, Sara"]
[Result "1-0"]
[WhiteElo "1999"]
[BlackElo "1594"]
[PlyCount "85"]
[EventDate "2010.02.13"]
[EventRounds "8"]
[EventCountry "ESP"]

1. e4 c6 2. d4 d5 3. Nc3 dxe4 4. Nxe4 Bf5 5. Ng3 Bg6 6. Nf3 Nf6 7. Ne5 Nbd7 8.
Nxg6 hxg6 9. Qf3 e6 10. c3 Qb6 11. Bd3 O-O-O 12. O-O e5 13. Be3 exd4 14. Bxd4
Bc5 15. Ne2 Bxd4 16. cxd4 Qc7 17. g3 Nb6 18. Kg2 Qd7 19. h4 Nbd5 20. a3 Kb8 21.
Rh1 Nc7 22. Rad1 Qd5 23. Qxd5 Rxd5 24. Bc4 Rd7 25. Rhe1 Rhd8 26. Nc3 Nfd5 27.
Bb3 f5 28. Re5 Nf6 29. Ne2 Nh7 30. Nf4 Nf8 31. Rde1 Rxd4 32. Re7 R4d7 33. Bf7
Nd5 34. Nxd5 cxd5 35. Rxd7 Nxd7 36. Bxd5 Nc5 37. Bf3 Rd2 38. Re2 Rd3 39. b4 Na4
40. Re7 Rxa3 41. Rxb7+ Kc8 42. Rxa7 Ra2 43. Bd5 1-0

[Event "Campeonato Gallego Sub-18"]
[Site "Pontedeume"]
[Date "2010.02.13"]
[Round "2"]
[White "Rodriguez Dominguez, Javier"]
[Black "Otero Nogueira, Brais"]
[Result "0-1"]
[WhiteElo "1605"]
[BlackElo "1934"]
[PlyCount "64"]
[EventDate "2010.02.13"]
[EventRounds "8"]
[EventCountry "ESP"]

1. e4 c5 2. Nf3 d6 3. Nc3 Nf6 4. Bc4 Nc6 5. d3 g6 6. Nd5 Bg7 7. c3 O-O 8. Nxf6+
Bxf6 9. Bh6 Re8 10. Bg5 Bg7 11. Qd2 Rb8 12. Qf4 Rf8 13. Bh6 e5 14. Qe3 b5 15.
Bxg7 Kxg7 16. Bb3 b4 17. Bd5 Ne7 18. c4 f5 19. b3 Nxd5 20. exd5 f4 21. Qe2 Qf6
22. Rd1 Bg4 23. h3 Bh5 24. Qe4 Rbe8 25. Ke2 g5 26. Kf1 Bg6 27. Qe2 e4 28. dxe4
Rxe4 29. Qd2 Rfe8 30. Re1 Rxe1+ 31. Nxe1 Qa1 32. g3 f3 0-1

[Event "Campeonato Gallego Sub-18"]
[Site "Pontedeume"]
[Date "2010.02.13"]
[Round "2"]
[White "Gomez Dieguez, David"]
[Black "Larrosa Villanueva, Uxia"]
[Result "1-0"]
[WhiteElo "1878"]
[BlackElo "1582"]
[PlyCount "39"]
[EventDate "2010.02.13"]
[EventRounds "8"]
[EventCountry "ESP"]

1. e4 c5 2. d4 cxd4 3. c3 d5 4. e5 dxc3 5. Nxc3 e6 6. Bd3 Nc6 7. Nf3 a6 8. O-O
Bc5 9. a3 Nge7 10. b4 Ba7 11. Bf4 O-O 12. Bxh7+ Kh8 13. Bd3 f6 14. exf6 Rxf6
15. Bg5 Rf8 16. Nh4 Qe8 17. Ng6+ Kg8 18. Qh5 Bd4 19. Nxe7+ Nxe7 20. Bh7+ 1-0

[Event "Campeonato Gallego Sub-18"]
[Site "Pontedeume"]
[Date "2010.02.13"]
[Round "2"]
[White "Perez Pardo, Ricardo"]
[Black "Pedreira Giralda, Francisco"]
[Result "0-1"]
[WhiteElo "1524"]
[BlackElo "1749"]
[PlyCount "106"]
[EventDate "2010.02.13"]
[EventRounds "8"]
[EventCountry "ESP"]

1. e4 Nf6 2. Nc3 d5 3. exd5 Nxd5 4. Nxd5 Qxd5 5. d4 Nc6 6. c3 e5 7. Be3 exd4 8.
Bxd4 Nxd4 9. Qxd4 Qxd4 10. cxd4 Bb4+ 11. Kd1 O-O 12. Kc2 Rd8 13. Ne2 Bf5+ 14.
Kb3 Ba5 15. Rd1 c5 16. d5 b5 17. a3 c4+ 18. Ka2 Bc2 19. Rd4 Bb6 20. Rd2 Bb3+
21. Ka1 Bxf2 22. Nc3 Be1 23. Rd4 Bxc3 24. bxc3 Re8 25. g3 Re1+ 26. Kb2 Rd8 27.
d6 Re6 28. d7 Re7 29. Bh3 g6 30. Rd5 f5 31. Rxb5 Rdxd7 32. Rb8+ Kg7 33. Kc1 Re2
34. Ra8 Ra2 35. Kb1 Rxa3 36. Re1 Ra2 37. Rae8 Kh6 38. R8e7 Rdd2 39. Bf1 Rxh2
40. R7e2 Rhxe2 41. Rxe2 Rxe2 42. Bxe2 a5 43. Kb2 Kg5 44. Ka3 f4 45. g4 h5 46.
gxh5 gxh5 47. Kb2 h4 48. Bf3 h3 49. Kc1 Kh4 50. Kd2 a4 51. Kc1 a3 52. Kb1 Kg3
53. Bh1 f3 0-1

[Event "Campeonato Gallego Sub-18"]
[Site "Pontedeume"]
[Date "2010.02.14"]
[Round "3"]
[White "Villar Perez, Samuel"]
[Black "Blazquez Criado, Sergio"]
[Result "1-0"]
[WhiteElo "2086"]
[BlackElo "1752"]
[PlyCount "97"]
[EventDate "2010.02.13"]
[EventRounds "8"]
[EventCountry "ESP"]

1. d4 Nf6 2. Nf3 b5 3. Bf4 Bb7 4. Nbd2 e6 5. e3 a6 6. a4 b4 7. Nc4 Be7 8. h3
Ne4 9. Bd3 f5 10. Qe2 O-O 11. O-O c5 12. dxc5 Bxc5 13. Rad1 Qe7 14. Rfe1 Bc6
15. a5 Ra7 16. Nd4 Nd6 17. Nxc6 Nxc6 18. Bxd6 Bxd6 19. Bxf5 Rxf5 20. Nxd6 Rxa5
21. Nc8 Qc5 22. Nxa7 Qxa7 23. Rd6 Rf5 24. Red1 Rf7 25. Qd3 Nb8 26. Qc4 Qb7 27.
Qd4 Nc6 28. Qd3 Nb8 29. Ra1 Rf8 30. Ra5 Qc7 31. Rg5 Rf7 32. h4 a5 33. h5 h6 34.
Rb5 Nc6 35. Rc5 Qa7 36. Qc4 a4 37. Rcxc6 dxc6 38. Qxb4 Qe7 39. Qd4 Rf8 40. Rxc6
a3 41. bxa3 Qxa3 42. Rc7 Rf7 43. Rxf7 Kxf7 44. c4 Qa5 45. g4 g6 46. Qd7+ Kf6
47. hxg6 Qa1+ 48. Kg2 Qa8+ 49. f3 1-0

[Event "Campeonato Gallego Sub-18"]
[Site "Pontedeume"]
[Date "2010.02.14"]
[Round "3"]
[White "Portela Gonzalez, Adrian"]
[Black "Gomez Dominguez, Xavier"]
[Result "1/2-1/2"]
[WhiteElo "1811"]
[BlackElo "2033"]
[PlyCount "97"]
[EventDate "2010.02.13"]
[EventRounds "8"]
[EventCountry "ESP"]

1. d3 g6 2. Nf3 Bg7 3. g3 d5 4. Bg2 Nf6 5. Nbd2 O-O 6. c4 c6 7. O-O Bf5 8. Re1
Qb6 9. cxd5 cxd5 10. Qb3 Nbd7 11. Qxb6 Nxb6 12. e4 dxe4 13. dxe4 Bd7 14. Nb3
Rfd8 15. Nc5 Bc6 16. Ne5 e6 17. Nxc6 bxc6 18. Rb1 Ng4 19. h3 Ne5 20. Bg5 f6 21.
Be3 Kf7 22. b3 Bf8 23. Red1 Bxc5 24. Bxc5 Nd3 25. Ba3 a5 26. Bf1 Nb4 27. Rxd8
Rxd8 28. Rc1 Rc8 29. Rc5 Nxa2 30. Rxa5 Ra8 31. Rxa8 Nxa8 32. Ba6 Nc7 33. Bb7
Nb5 34. Bc5 Nc1 35. b4 Ne2+ 36. Kf1 Ned4 37. f4 e5 38. Kf2 Ke8 39. fxe5 fxe5
40. Bc8 Kd8 41. Bg4 h5 42. Bxd4 Nxd4 43. Bd1 Ke7 44. Ke3 Kd6 45. h4 Kc7 46. Kd3
Kb6 47. Kc4 Nb5 48. Ba4 Nd4 49. Bd1 1/2-1/2

[Event "Campeonato Gallego Sub-18"]
[Site "Pontedeume"]
[Date "2010.02.14"]
[Round "3"]
[White "Pedreira Giralda, Francisco"]
[Black "Alonso Macias, Victor"]
[Result "0-1"]
[WhiteElo "1749"]
[BlackElo "1999"]
[PlyCount "58"]
[EventDate "2010.02.13"]
[EventRounds "8"]
[EventCountry "ESP"]

1. d3 d5 2. Nf3 Nf6 3. g3 Bf5 4. Bg2 Nc6 5. Nbd2 Qd7 6. O-O Bh3 7. Re1 h5 8.
Bxh3 Qxh3 9. Ng5 Qd7 10. h4 e5 11. e4 Ng4 12. exd5 Qxd5 13. Nde4 f6 14. Nf3
O-O-O 15. Be3 Be7 16. Nc3 Qd7 17. Kg2 g5 18. Qd2 Rdg8 19. Rh1 gxh4 20. Nxh4 f5
21. f4 Nxe3+ 22. Qxe3 exf4 23. Qxf4 Bd6 24. Qc4 Rxg3+ 25. Kf2 Rg4 26. Qd5 Bg3+
27. Kf3 Bxh4 28. Qxd7+ Kxd7 29. Nd5 Nd4+ 0-1

[Event "Campeonato Gallego Sub-18"]
[Site "Pontedeume"]
[Date "2010.02.14"]
[Round "3"]
[White "Otero Nogueira, Brais"]
[Black "Fernandez Ansuar, Borja"]
[Result "1/2-1/2"]
[WhiteElo "1934"]
[BlackElo "1686"]
[PlyCount "57"]
[EventDate "2010.02.13"]
[EventRounds "8"]
[EventCountry "ESP"]

1. e4 e5 2. Nf3 d6 3. d4 exd4 4. Nxd4 Nf6 5. Nc3 Be7 6. Be2 O-O 7. O-O h6 8. f4
Re8 9. Bf3 Nbd7 10. Qe1 c6 11. Kh1 Nc5 12. Qg3 d5 13. e5 Nfe4 14. Qe1 Nxc3 15.
Qxc3 Ne6 16. Bd2 Nxd4 17. Qxd4 Bf5 18. c3 f6 19. Rfe1 Qc7 20. Bh5 Rf8 21. e6
Be4 22. Rxe4 dxe4 23. Qxe4 Qa5 24. f5 Rad8 25. Bxh6 gxh6 26. Qg4+ Kh8 27. Qg6
Qd5 28. Qxh6+ Kg8 29. Qg6+ 1/2-1/2

[Event "Campeonato Gallego Sub-18"]
[Site "Pontedeume"]
[Date "2010.02.14"]
[Round "3"]
[White "Gonzalez Carro, Victor"]
[Black "Gomez Dieguez, David"]
[Result "0-1"]
[WhiteElo "1708"]
[BlackElo "1878"]
[PlyCount "112"]
[EventDate "2010.02.13"]
[EventRounds "8"]
[EventCountry "ESP"]

1. e4 Nc6 2. Nf3 e5 3. d4 exd4 4. Nxd4 Qh4 5. Nc3 Bb4 6. Ndb5 Ba5 7. Be2 a6 8.
Nd4 Qxe4 9. Be3 Nf6 10. Qd2 Bxc3 11. bxc3 O-O 12. Bd3 Qe5 13. O-O Nd5 14. Nxc6
dxc6 15. Bd4 Qf4 16. Qxf4 Nxf4 17. Be5 Nxd3 18. cxd3 Bf5 19. d4 Rac8 20. Rfe1
f6 21. Bf4 g5 22. Bg3 Kf7 23. Re3 Rfe8 24. Rae1 Rxe3 25. Rxe3 Be6 26. a3 h5 27.
h4 g4 28. Kf1 Ke7 29. Bf4 a5 30. Re2 Kd7 31. Ke1 Bd5 32. g3 a4 33. Rb2 b6 34.
Kd2 Re8 35. Kd3 b5 36. Be3 Bc4+ 37. Kd2 Ke6 38. Rb1 Rd8 39. Re1 Kd5 40. Bf4 Rd7
41. Kc2 c5 42. Be3 cxd4 43. Bxd4 Rd6 44. Kb2 c5 45. Be3 Bd3 46. Bf4 Rc6 47. Rd1
Kc4 48. Bd2 Be2 49. Re1 Bf3 50. Re3 Rd6 51. Kc2 f5 52. Bc1 Be4+ 53. Kb2 Rd1 54.
Re2 b4 55. cxb4 cxb4 56. Bd2 Rb1+ 0-1

[Event "Campeonato Gallego Sub-18"]
[Site "Pontedeume"]
[Date "2010.02.14"]
[Round "3"]
[White "Gonzalez Enriquez, Borja"]
[Black "Rey Malde, Henrique"]
[Result "0-1"]
[WhiteElo "1439"]
[BlackElo "1711"]
[PlyCount "44"]
[EventDate "2010.02.13"]
[EventRounds "8"]
[EventCountry "ESP"]

1. d4 e6 2. Nf3 Nf6 3. Bg5 c5 4. e3 b6 5. Nc3 Bb7 6. Be2 Be7 7. O-O O-O 8. e4
Nxe4 9. Nxe4 Bxe4 10. Be3 Qc7 11. c3 d6 12. Rc1 Nd7 13. a4 Nf6 14. Nd2 Bb7 15.
b4 Nd5 16. Qb3 Nxe3 17. fxe3 Bg5 18. Rcd1 Bxe3+ 19. Kh1 cxd4 20. cxd4 Bxd4 21.
Rc1 Qe7 22. Rc4 Bd5 0-1

[Event "Campeonato Gallego Sub-18"]
[Site "Pontedeume"]
[Date "2010.02.14"]
[Round "4"]
[White "Gomez Dieguez, David"]
[Black "Villar Perez, Samuel"]
[Result "0-1"]
[WhiteElo "1878"]
[BlackElo "2086"]
[PlyCount "60"]
[EventDate "2010.02.13"]
[EventRounds "8"]
[EventCountry "ESP"]

1. e4 c5 2. d4 cxd4 3. c3 Nf6 4. e5 Nd5 5. Qxd4 e6 6. Nf3 Nc6 7. Qe4 d6 8. Bb5
Bd7 9. c4 Nb6 10. exd6 a6 11. c5 axb5 12. Nc3 Na4 13. O-O Nxc5 14. Qf4 Na7 15.
Be3 b6 16. Bd4 Nc8 17. Be5 Nd3 18. Nd5 exd5 19. Qe3 Be6 20. Qxd3 Nxd6 21. Nd4
Qd7 22. f4 Nc4 23. Rfe1 Nxe5 24. Rxe5 Bd6 25. Rae1 Bxe5 26. Rxe5 O-O 27. f5 Qd6
28. Qe3 Bd7 29. f6 Rfe8 30. Nf5 Qxe5 0-1

[Event "Campeonato Gallego Sub-18"]
[Site "Pontedeume"]
[Date "2010.02.14"]
[Round "4"]
[White "Alonso Macias, Victor"]
[Black "Medarde Santiago, Luis Marcos"]
[Result "1-0"]
[WhiteElo "1999"]
[BlackElo "1837"]
[PlyCount "119"]
[EventDate "2010.02.13"]
[EventRounds "8"]
[EventCountry "ESP"]

1. e4 c5 2. Nf3 e6 3. d4 cxd4 4. Nxd4 Nf6 5. Bd3 Nc6 6. c3 d5 7. exd5 Nxd4 8.
cxd4 exd5 9. O-O Be7 10. Nc3 O-O 11. Re1 h6 12. Bf4 Bd6 13. Qd2 Be6 14. Nb5 Bb8
15. h3 a6 16. Nc3 Bxf4 17. Qxf4 Nh5 18. Qe5 Qg5 19. Qxg5 hxg5 20. Re5 Nf4 21.
Bf5 Bxf5 22. Rxf5 f6 23. Nxd5 Ne2+ 24. Kf1 Nxd4 25. Ne7+ Kf7 26. Rd5 Rfd8 27.
Rd1 Kxe7 28. R5xd4 Rxd4 29. Rxd4 Rc8 30. Rd2 Rc1+ 31. Ke2 g6 32. Kd3 Rc6 33.
Re2+ Kd7 34. f3 Rd6+ 35. Ke3 Re6+ 36. Kf2 Rd6 37. Rc2 Re6 38. Rd2+ Kc7 39. Kg3
Rc6 40. f4 Rc5 41. fxg5 Rxg5+ 42. Kh2 Rf5 43. g4 Re5 44. h4 Re4 45. Kg3 Re3+
46. Kg2 Re6 47. Kf3 Re1 48. h5 gxh5 49. gxh5 Rh1 50. Kg4 Rg1+ 51. Kf4 Rf1+ 52.
Kg3 Rh1 53. Rh2 Rg1+ 54. Kf4 Rf1+ 55. Kg4 Rg1+ 56. Kf5 Kb6 57. h6 Rg5+ 58. Kxf6
Rc5 59. h7 Rc6+ 60. Ke5 1-0

[Event "Campeonato Gallego Sub-18"]
[Site "Pontedeume"]
[Date "2010.02.14"]
[Round "4"]
[White "Gomez Dominguez, Xavier"]
[Black "Otero Nogueira, Brais"]
[Result "1/2-1/2"]
[WhiteElo "2033"]
[BlackElo "1934"]
[PlyCount "31"]
[EventDate "2010.02.13"]
[EventRounds "8"]
[EventCountry "ESP"]

1. e4 c5 2. Nf3 d6 3. d4 cxd4 4. Nxd4 Nf6 5. Nc3 g6 6. f3 Bg7 7. Be3 O-O 8. Qd2
Nc6 9. O-O-O d5 10. Nxc6 bxc6 11. exd5 cxd5 12. Nxd5 Nxd5 13. Qxd5 Qc7 14. Qc5
Qb7 15. Qb5 Qc7 16. Qc5 1/2-1/2

[Event "Campeonato Gallego Sub-18"]
[Site "Pontedeume"]
[Date "2010.02.14"]
[Round "4"]
[White "Fernandez Ansuar, Borja"]
[Black "Portela Gonzalez, Adrian"]
[Result "0-1"]
[WhiteElo "1686"]
[BlackElo "1811"]
[PlyCount "66"]
[EventDate "2010.02.13"]
[EventRounds "8"]
[EventCountry "ESP"]

1. d4 d6 2. Nf3 Nf6 3. c4 g6 4. Nc3 Bg7 5. Bf4 Nbd7 6. e3 O-O 7. Be2 Nh5 8. Bg5
f5 9. Nd2 Nhf6 10. h3 h6 11. Bf4 e5 12. dxe5 Nxe5 13. Qb3 Kh7 14. O-O-O Qe7 15.
Nf3 Ned7 16. Qc2 a6 17. g4 Nc5 18. g5 Nfe4 19. Nd5 Qd8 20. gxh6 Bh8 21. Rdg1 c6
22. Ng5+ Nxg5 23. Bxg5 Qa5 24. Nf4 Na4 25. Nxg6 Bxb2+ 26. Kb1 Rf7 27. Bd3 b5
28. cxb5 Be6 29. Bc4 Qb4 30. Qb3 Qxc4 31. Qxc4 Bxc4 32. Nf4 axb5 33. Rd1 Be5
0-1

[Event "Campeonato Gallego Sub-18"]
[Site "Pontedeume"]
[Date "2010.02.14"]
[Round "4"]
[White "Cruz Guerra, Samuel"]
[Black "Lopez Grana, Carmen"]
[Result "1-0"]
[WhiteElo "1808"]
[BlackElo "1794"]
[PlyCount "67"]
[EventDate "2010.02.13"]
[EventRounds "8"]
[EventCountry "ESP"]

1. e4 e6 2. Nf3 c5 3. d4 cxd4 4. c3 d3 5. Bxd3 Nf6 6. e5 Nd5 7. O-O d6 8. c4
Nb6 9. Bf4 d5 10. Qc2 Nc6 11. a3 Nxc4 12. Bxc4 dxc4 13. Qxc4 Qb6 14. b4 Be7 15.
Nc3 a6 16. Rfd1 O-O 17. Ne4 Rd8 18. Nd6 Bd7 19. Qe4 h6 20. Rd3 Bf8 21. Nh4 Be8
22. Rg3 Kh8 23. Bxh6 Qd4 24. Re1 Qxe4 25. Rxe4 gxh6 26. Reg4 Ne7 27. Nf3 Rac8
28. h4 Rc7 29. Nd2 h5 30. Rg5 Bh6 31. Rxh5 Kh7 32. N2e4 Ng8 33. Nf6+ Nxf6 34.
exf6 1-0

[Event "Campeonato Gallego Sub-18"]
[Site "Pontedeume"]
[Date "2010.02.14"]
[Round "4"]
[White "Rodriguez Dominguez, Javier"]
[Black "Pedreira Giralda, Francisco"]
[Result "1/2-1/2"]
[WhiteElo "1605"]
[BlackElo "1749"]
[PlyCount "103"]
[EventDate "2010.02.13"]
[EventRounds "8"]
[EventCountry "ESP"]

1. e4 Nf6 2. Nc3 d5 3. exd5 Nxd5 4. Bc4 c6 5. Nxd5 cxd5 6. Bb5+ Nc6 7. d4 Qb6
8. Bxc6+ Qxc6 9. c3 Bf5 10. Bf4 Qg6 11. Bg3 Bc2 12. Qd2 Qe4+ 13. Ne2 Qxg2 14.
Rg1 Qe4 15. Qe3 e6 16. Kd2 Be7 17. Rac1 Qxe3+ 18. fxe3 Be4 19. Rcf1 f6 20. Nf4
Kf7 21. h4 f5 22. Nh3 h6 23. h5 Rag8 24. Nf4 Rc8 25. Ng6 Rhg8 26. Be5 Bf6 27.
Rg3 b5 28. a3 a5 29. Ra1 Ra8 30. Rgg1 Ra6 31. Rac1 Bf3 32. Nf4 Bg5 33. Rg3 Bxf4
34. Rxf3 Bxe5 35. dxe5 g5 36. hxg6+ Rxg6 37. Kd3 Rc6 38. Rf4 Rg4 39. Rf2 b4 40.
axb4 axb4 41. Ra1 bxc3 42. Ra7+ Kg6 43. bxc3 h5 44. Ra8 Kg5 45. Rh2 Re4 46.
Rg8+ Kh6 47. Rh8+ Kg6 48. R2xh5 Rxe5 49. R5h6+ Kg5 50. R6h7 Kf6 51. Rf8+ Kg6
52. Rhh8 1/2-1/2

[Event "Campeonato Gallego Sub-18"]
[Site "Pontedeume"]
[Date "2010.02.14"]
[Round "4"]
[White "Carballo Noya, Miguel"]
[Black "Rodriguez Reboredo, Sara"]
[Result "1-0"]
[WhiteElo "1739"]
[BlackElo "1594"]
[PlyCount "169"]
[EventDate "2010.02.13"]
[EventRounds "8"]
[EventCountry "ESP"]

1. e4 c6 2. d4 d5 3. e5 Bf5 4. g4 Bd7 5. f4 h5 6. g5 Bf5 7. Bd3 Qc8 8. h3 g6 9.
c3 c5 10. Na3 cxd4 11. cxd4 Nc6 12. Nc2 h4 13. Qe2 Bxd3 14. Qxd3 e6 15. Bd2
Nge7 16. Ne3 Qc7 17. Ne2 Nf5 18. Nxf5 gxf5 19. Kf2 Qb6 20. Bc3 Rg8 21. Rhg1 Be7
22. Kf3 Kd7 23. Qd2 Rg6 24. Rab1 Qa6 25. b3 Rc8 26. a4 Nb8 27. Rgd1 Rgg8 28.
Qd3 Qxd3+ 29. Rxd3 Na6 30. b4 Rc4 31. b5 Nb4 32. Bxb4 Bxb4 33. Ra1 Ba5 34. Ra2
Rgc8 35. Ke3 Rb4 36. Rda3 Rcc4 37. Ra1 Bb6 38. Rd3 Rxa4 39. Rg1 Rc8 40. g6 fxg6
41. Rxg6 Re8 42. Rh6 Bd8 43. Rc3 Be7 44. Rh7 Kd8 45. Rh6 Kd7 46. Rh7 Rc4 47.
Ra3 Ra8 48. b6 a5 49. Nc3 Rb4 50. Na4 Rg8 51. Nc5+ Kc6 52. Nd3 Rg3+ 53. Kd2
Rb2+ 54. Nxb2 Bxa3 55. Nd3 Rxh3 56. Rh6 Kd7 57. Rh7+ Kc6 58. Rh6 Rh2+ 59. Ke3
Kxb6 60. Rxe6+ Kc7 61. Rf6 Rh3+ 62. Ke2 Rg3 63. Rxf5 h3 64. Rh5 b5 65. Nf2 Bb2
66. Rh7+ Kd8 67. Nxh3 Bxd4 68. Ng5 Ke8 69. Ne6 Bb6 70. Rb7 Rg2+ 71. Kf3 Rf2+
72. Kg3 Be3 73. Rxb5 a4 74. Rxd5 Ke7 75. Rd3 Kxe6 76. Rxe3 Ra2 77. Re1 a3 78.
f5+ Ke7 79. e6 Rb2 80. f6+ Kxf6 81. e7 Rb3+ 82. Kf2 Rb2+ 83. Kf1 a2 84. e8=Q
Kf5 85. Qe5+ 1-0

[Event "Campeonato Gallego Sub-18"]
[Site "Pontedeume"]
[Date "2010.02.14"]
[Round "4"]
[White "Rey Malde, Henrique"]
[Black "Larrosa Villanueva, Uxia"]
[Result "1/2-1/2"]
[WhiteElo "1711"]
[BlackElo "1582"]
[PlyCount "64"]
[EventDate "2010.02.13"]
[EventRounds "8"]
[EventCountry "ESP"]

1. e4 c5 2. Nc3 g6 3. g3 Bg7 4. Bg2 Nc6 5. d3 e6 6. Nh3 Nge7 7. O-O O-O 8. Be3
d6 9. Qd2 Rb8 10. Bh6 b5 11. Bxg7 Kxg7 12. f4 Bb7 13. Nxb5 Ba6 14. Na3 Qb6 15.
b3 c4+ 16. Kh1 cxd3 17. cxd3 Nb4 18. Nc4 Qd4 19. Qb2 Qxb2 20. Nxb2 Nxd3 21.
Nxd3 Bxd3 22. Rfd1 Bc2 23. Rd2 Rbc8 24. Kg1 Rc6 25. Ng5 h6 26. e5 d5 27. Nf3
Bf5 28. Nd4 Rc5 29. Bf3 Nc6 30. g4 Nxd4 31. Rxd4 Bc2 32. Rc1 Rfc8 1/2-1/2

[Event "Campeonato Gallego Sub-18"]
[Site "Pontedeume"]
[Date "2010.02.14"]
[Round "4"]
[White "Perez Pardo, Ricardo"]
[Black "Aguirre Alvarez, Marina"]
[Result "1/2-1/2"]
[WhiteElo "1524"]
[BlackElo "1671"]
[PlyCount "83"]
[EventDate "2010.02.13"]
[EventRounds "8"]
[EventCountry "ESP"]

1. e4 e5 2. f4 d5 3. exd5 Qxd5 4. Nc3 Qe6 5. fxe5 Qxe5+ 6. Be2 Nc6 7. Nf3 Qe7
8. O-O Be6 9. d4 Nf6 10. Bb5 Qd7 11. Ne5 Qd6 12. Bf4 Qd8 13. Nxc6 bxc6 14.
Bxc6+ Bd7 15. Bxa8 Qxa8 16. Bxc7 Qb7 17. Qe2+ Be6 18. Nb5 Qc6 19. c4 Be7 20. b3
a6 21. Nd6+ Bxd6 22. Bxd6 Qxd6 23. d5 Ng4 24. g3 Qc5+ 25. Kh1 Ne3 26. Rfe1 Nxd5
27. cxd5 Qxd5+ 28. Qe4 Qb5 29. Qa8+ Kd7 30. Rad1+ Kc7 31. Rc1+ Kb6 32. Qxh8
Qd5+ 33. Kg1 Qd4+ 34. Kg2 Qd5+ 35. Kf2 Qd4+ 36. Re3 Qd2+ 37. Re2 Qd4+ 38. Ke1
Qg1+ 39. Kd2 Qd4+ 40. Ke1 Qg1+ 41. Kd2 Qd4+ 42. Ke1 1/2-1/2